| 000 | 00829cab a2200265 4500 | ||
|---|---|---|---|
| 001 | ABS41008 | ||
| 008 | 090401t1989 xxu||||| |||| 00| 0 eng d | ||
| 035 | _a(Sirsi) u27475 | ||
| 041 | _aeng | ||
| 100 | _aJohnson, N. | ||
| 245 | 4 | _aThe scope for negligence | |
| 260 | _c1989 | ||
| 350 | _a0 | ||
| 490 |
_aEstates Times _v(997) 2 June 1989, 17(1) |
||
| 520 | _aDiscusses the extent of the duty of care owed by a surveyor in commercial valuation s, highlighing RICS guidance and relevant caselaw. | ||
| 650 | _aCHAUDHRY V PRABHAKAR | ||
| 650 | _aDISCLAIMERS | ||
| 650 | _aHEDLEY BYRNE V HELLER | ||
| 650 | _aLIABILITY | ||
| 650 | _aNEGLIGENCE | ||
| 650 | _aSINGER AND FRIEDLANDER LTD V JOHN D WOOD AND CO | ||
| 690 | _aMANAGEMENT-BUSINESS MANAGEMENT-PROFESSIONAL PRACTICE | ||
| 942 | _n0 | ||
| 948 | _c04/03/1997 | ||
| 999 |
_c18493 _d18493 |
||